banner-ar

HYDERLICS IN CIVIL AND ENVIRONMENTAL ENGINEERING 2sec EDITION / (Record no. 11538)

MARC details
000 -الفاتح
حقل البيانات ثابتة الطول 00536nam a2200193Ia 4500
008 - عناصر البيانات ثابتة الطول - معلومات عامة
حقل البيانات ثابتة الطول 140319s9999 xx 000 0 eng d
040 ## - مصدر الفهرسة
وكالة الفهرسة الأصلية GCL /
وكالة النسخ GCL
082 04 - رقم تصنيف ديوى العشرى
رقم التصنيف 627
رقم المادة C H
100 1# - المدخل الرئيسى - إسم شخصى
الإسم الشخصى CHADWICK, ANDREW
245 10 - بيان العنوان
العنوان HYDERLICS IN CIVIL AND ENVIRONMENTAL ENGINEERING 2sec EDITION /
بيان المسئوليه,etc CHADWICK, ANDREW
700 1# - المدخل الاضافى - اسم شخصى
الإسم الشخصى MORFETT, JOHN
260 ## - PUBLICATION, DISTRIBUTION, ETC. (IMPRINT)
تاريخ النشر أو التوزيع 1993
300 ## - الوصف المادى
التعداد 557 P
650 04 - المدخل الاضافى بالموضوع-مصطلح موضوعى
مصطلح موضوعي CIVIL ENGINEERING
650 04 - المدخل الاضافى بالموضوع-مصطلح موضوعى
مصطلح موضوعي HYDRAULICS
650 04 - المدخل الاضافى بالموضوع-مصطلح موضوعى
مصطلح موضوعي ENVIRONMENTAL ENGINEERING
942 ## - عناصر المدخل الإضافي( كوها)
مصدر التصنيف او مخطط الترفيف Dewey Decimal Classification
Koha [default] item type كتاب
260 ## - PUBLICATION, DISTRIBUTION, ETC. (IMPRINT)
-- [S.N] :
-- E & FN SPON ،
Holdings
حالة التراجع حالة الفقد حالة تلف ليس للاعارة المكان المؤقت الموقع الحالى تاريخ الاكتساب اجمالي اﻻعارات رقم الطلب الباركود تاريخ اخر مشاهدة تاريخ تفعيل السعر نوع وعاء كوها
        مكتبة القاهرة الكبرى مكتبة القاهرة الكبرى 03/26/2014   627\C H 22764 03/26/2014 03/26/2014 كتاب

Powered By

EGPV